| 000 | 00950cam a2200241 4500 | ||
|---|---|---|---|
| 001 | ABS62303 | ||
| 008 | 000000n2000 000 0 eng u | ||
| 035 | _a(Sirsi) u106313 | ||
| 100 | _aAuterac, R. | ||
| 245 | _aNo need to shop around | ||
| 260 | _c2000 | ||
| 490 |
_aEstates Gazette _v (0020) 20 May 2000, 148-149(2) |
||
| 520 | _aPresents the initial analysis of the ARAS Retail Property Price Index data in conjunction with further research undertaken with IPD on the secondary market. Highlights important challenges for all investors in the market. Graphs. | ||
| 590 | _aABS | ||
| 650 | _aARAS RETAIL PROPERTY PRICE INDEX | ||
| 650 | _aJONES LANG LASALLE | ||
| 650 | _aIPD UK ANNUAL INDEX | ||
| 650 | _aPROPERTY-COMMERCIAL PROPERTY-RETAIL PROPERTY-RETAIL PROPERTY MARKET | ||
| 650 | _aAUCTIONS INDEX | ||
| 690 | _aPROPERTY-COMMERCIAL PROPERTY-COMMERCIAL PROPERTY FINANCE AND INVESTMENT | ||
| 700 | _aFoxley, S. | ||
| 942 | _n0 | ||
| 999 |
_c63673 _d63673 |
||